00443nam a2200121Ia 4500008004100000100002100041245008100062245007200143260000900215300002900224440004500253650002300298171207s9999 xx 000 0 und d aAl-Zubidy, Ahmed aVision for SLR tooling infrastructure: Prioritizing value-added requirements cAhmed Al-Zubidy, Jeffrey C. Carver, David P. Hale, Edgar E. Hassler c2017 apages 72-81, August 2017 aInformation and Software Technologyv91: aSOFTWARE TECHNLOGY